Harry Potter Characters Screen Time By Movie-The Chamber Of Secrets - Statistics

General Stats
  • This quiz has been taken 2 times
  • The average score is 40 of 47
Answer Stats
Screen Time Answer % Correct
10:48 Albus Dumbledore
100%
1:18 Argus Filch
100%
2:30 Arthur Weasley
100%
2:30 Cornelius Fudge
100%
1:48 Dean Thomas
100%
7:30 Dobby
100%
7:00 Draco Malfoy
100%
1:18 Dudley Dursley
100%
:18 Filius Flitwick
100%
2:30 Fred Weasley
100%
2:30 George Weasley
100%
10:30 Gilderoy Lockhart
100%
4:48 Ginny Weasley
100%
1:00 Gregory Goyle
100%
1:23:48 Harry Potter
100%
1:48 Hedwig
100%
15:30 Hermione Granger
100%
6:48 Lucius Malfoy
100%
5:48 Minerva Mcgonagall
100%
1:30 Moaning Myrtle
100%
1:30 Molly Weasley
100%
:48 Nearly-Headless Nick
100%
1:18 Neville Longbottom
100%
1:30 Percy Weasley
100%
1:48 Petunia Dursley
100%
1:30 Pomona Sprout
100%
1:18 Poppy Pomfrey
100%
38:18 Ron Weasley
100%
8:18 Rubeus Hagrid
100%
2:18 Seamus Finnigan
100%
4:30 Severus Snape
100%
2:30 Vernon Dursley
100%
1:18 Vincent Crabbe
100%
:30 Alicia Spinnet
50%
:30 Angelina Johnson
50%
1:00 Aragog
50%
1:18 Colin Creevey
50%
1:30 Fang
50%
2:30 Fawkes
50%
:48 Justin Finch-Fletchley
50%
:30 Katie Bell
50%
:18 Lee Jordan
50%
1:00 Marcus Flint
50%
1:18 Oliver Wood
50%
:30 Scabbers/Peter Pettigrew
50%
6:48 Tom Marvalo Riddle/Lord Voldemort
50%
:48 Sorting Hat
0%
No matching quizzes found
Score Distribution
Percent of People with Each Score
Percentile by Number Answered
Your Score History
You have not taken this quiz